La crisis mundial 1911-1918 /

Salvato in:
Dettagli Bibliografici
Autore principale: Churchill, Winston (autor)
Natura: Libro
Lingua:spagnolo
Pubblicazione: México : Debolsillo, 2015, c2015
Serie:(Debolsillo Historia)
Soggetti:
Tags: Aggiungi Tag
Nessun Tag, puoi essere il primo ad aggiungerne!!

MARC

LEADER 00000nam^a2200000^a^4500
001 000356882
005 20250521000000.0
008 150714 20152015
009 20260310115244.726
020 |a 978-607-312-777-6 
037 |a Acervo ITESO - Biblioteca 
041 |a ESP 
082 |a 940. 3  |b CHU 
100 |a Churchill, Winston  |e (autor) 
245 1 3 |a La crisis mundial 1911-1918 /  |c W. Churchill ; tr. por Carlos Botei, Pedro Reverté. 
264 4 |a México :  |b Debolsillo,  |c 2015, c2015 
300 |a 998 p. 
336 |a texto  |b txt  |2 rdacontenido 
337 |a sin mediación  |b n  |2 rdamedio 
338 |a volumen  |b nc  |2 rdasoporte 
440 1 |a (Debolsillo Historia) 
500 |a Traducción de: The World Crisis 1911-1918 
649 |a XX 
650 |a Guerra Mundial (Primera), 1914-1918 -  |x Historia -  |x Tema Principal 
650 |a Europa -  |x Historia -  |y 1914-1918 
650 |a Europa -  |x Historia -  |y 1871-1918 
650 |a Historia Moderna -  |y Siglo XX 
650 |a Historia Universal 
910 |a Fondo General 
920 |a Impresos - Libros 
930 |a Colección General 
905 |a 101 
901 |a 0500249187  |b IT1  |c ACC  |i C146440  |u 20250521 
901 |a 0500283903  |b IT1  |c ACC  |i C153286  |u 20250521 
902 |a https://opac.biblio.iteso.mx/vufind/Record/000356882